Finanční trh - evropské rozhodovací a řídící struktury

Legislatívny proces v oblasti finančných služieb. Poradné orgány pre oblasť finančných služieb EFC a FSC. Európska komisia stojí v centre rozhodovacieho procesu. Charakteristika výboru CEIOPS, jeho úloha a postavenie na finančnom trhu.

Gespeichert in:
Bibliographische Detailangaben
1. Verfasser: Jurášová, Monika
Format: Buchkapitel
Sprache:Tschechisch
Schlagworte:
Tags: Tag hinzufügen
Keine Tags, Fügen Sie das erste Tag hinzu!

MARC

LEADER 00000naa$a2200000$$$4500
001 0050340
005 20230927102705.2
041 0 |a cze 
044 |a CZ 
245 1 0 |a Finanční trh - evropské rozhodovací a řídící struktury  |c Monika Jurášová 
520 |a Legislatívny proces v oblasti finančných služieb. Poradné orgány pre oblasť finančných služieb EFC a FSC. Európska komisia stojí v centre rozhodovacieho procesu. Charakteristika výboru CEIOPS, jeho úloha a postavenie na finančnom trhu. 
610 2 0 |a eurozóna 
610 2 0 |a legislatíva 
610 2 0 |a poisťovníctvo 
610 2 0 |a služby finančné 
610 2 0 |a trh finančný 
100 1 |a Jurášová, Monika